00483nam a2200169 a 4500001001300000003000900013005001700022008004100039020002300080082002000103100001900123245005800142260005000200300000900250500003500259650001900294nice12345678IN_TiNIC20260116014033.0071218s2005 cama grp 000 0 eng  a0521535395 c89500a297.629704bFET aFetzer, Joel S aMuslims and the State in Britain, France, and Germany aCambridge bCambridge University Press c2005 a208p aincludes index and biblioraphy aMuslims-Europe